Human Geography; (Record no. 22287)

MARC details
000 -LEADER
fixed length control field 00604nam a22002057a 4500
003 - CONTROL NUMBER IDENTIFIER
control field KenMUT
005 - DATE AND TIME OF LATEST TRANSACTION
control field 20240926171428.0
008 - FIXED-LENGTH DATA ELEMENTS--GENERAL INFORMATION
fixed length control field 240926b |||||||| |||| 00| 0 eng d
020 ## - INTERNATIONAL STANDARD BOOK NUMBER
International Standard Book Number 9780582367999
040 ## - CATALOGING SOURCE
Transcribing agency Mut
050 ## - LIBRARY OF CONGRESS CALL NUMBER
Classification number GF21
Item number .H85 2001
100 ## - MAIN ENTRY--PERSONAL NAME
Personal name Daniels, Peter
245 ## - TITLE STATEMENT
Title Human Geography;
Remainder of title Issues for the 21st century
260 ## - PUBLICATION, DISTRIBUTION, ETC.
Place of publication, distribution, etc. Newyork
Name of publisher, distributor, etc. Prentice Hall
Date of publication, distribution, etc. 2001
650 ## - SUBJECT ADDED ENTRY--TOPICAL TERM
Form subdivision Human geography.
General subdivision Geography.
700 ## - ADDED ENTRY--PERSONAL NAME
Personal name Bradshaw, Michael
700 ## - ADDED ENTRY--PERSONAL NAME
Personal name Shaw, Denis
700 ## - ADDED ENTRY--PERSONAL NAME
Personal name Sidaway, James
942 ## - ADDED ENTRY ELEMENTS (KOHA)
Source of classification or shelving scheme Library of Congress Classification
Koha item type Books
Suppress in OPAC No
Holdings
Withdrawn status Lost status Source of classification or shelving scheme Damaged status Not for loan Home library Current library Shelving location Date acquired Total checkouts Full call number Barcode Date last seen Price effective from Koha item type
    Library of Congress Classification     Murang'a University of Technology Library Murang'a University of Technology Library General stacks 26/09/2024   GF21 .H85 2001 012745 26/09/2024 26/09/2024 Books